Principles of pavement design / (Record no. 547703)

000 -LEADER
fixed length control field 00782cam a2200229 i 4500
020 ## - INTERNATIONAL STANDARD BOOK NUMBER
International Standard Book Number 0471977802
082 00 - DEWEY DECIMAL CLASSIFICATION NUMBER
Classification number 625.8
Author Mark YOD
-- L-18, P-40
100 1# - MAIN ENTRY--PERSONAL NAME
Personal name Yoder, Eldon J.
245 10 - TITLE STATEMENT
Title Principles of pavement design /
Statement of responsibility, etc. E. J. Yoder, M. W. Witczak.
250 ## - EDITION STATEMENT
Edition statement 2d ed.
260 ## - PUBLICATION, DISTRIBUTION, ETC.
Place of publication, distribution, etc. New York :
Name of publisher, distributor, etc. Wiley,
Date of publication, distribution, etc. [1975]
300 ## - PHYSICAL DESCRIPTION
Extent xiii, 711 p. :
Other physical details ill. ;
Dimensions 26 cm.
500 ## - GENERAL NOTE
General note "A Wiley-Interscience publication."
526 ## - STUDY PROGRAM INFORMATION NOTE
Program name 0
Interest level 0
Reading level 0
Title point value 625_800000000000000_YOD
526 ## - STUDY PROGRAM INFORMATION NOTE
Program name 0
Interest level 0
Reading level 0
Title point value 625_800000000000000_YOD
650 #0 - SUBJECT ADDED ENTRY--TOPICAL TERM
Topical term or geographic name entry element MCE
9 (RLIN) 379
650 #0 - SUBJECT ADDED ENTRY--TOPICAL TERM
Topical term or geographic name entry element Pavements
General subdivision Design and construction.
9 (RLIN) 916
700 1# - ADDED ENTRY--PERSONAL NAME
Personal name Witczak, Matthew W.,
856 4# - ELECTRONIC LOCATION AND ACCESS
Uniform Resource Identifier <a href="http://www.loc.gov/catdir/toc/onix05/75012555.html">http://www.loc.gov/catdir/toc/onix05/75012555.html</a>
856 42 - ELECTRONIC LOCATION AND ACCESS
Uniform Resource Identifier <a href="http://www.loc.gov/catdir/description/wiley034/75012555.html">http://www.loc.gov/catdir/description/wiley034/75012555.html</a>
942 ## - ADDED ENTRY ELEMENTS (KOHA)
Source of classification or shelving scheme
Koha item type Book
Holdings
Withdrawn status Lost status Source of classification or shelving scheme Damaged status Not for loan Permanent Location Current Location Date acquired Total Checkouts Total Renewals Full call number Barcode Date last seen Date last checked out Price effective from Koha item type
          Military College of Engineering (MCE) Military College of Engineering (MCE) 08/05/2014 2 1 625.8 YOD MCE-24649 06/19/2019 05/17/2019 08/05/2014 Book
          Military College of Engineering (MCE) Military College of Engineering (MCE) 08/05/2014 2 2 625.8 YOD MCE-24642 12/28/2020 12/28/2020 08/05/2014 Book
© 2023 Central Library, National University of Sciences and Technology. All Rights Reserved.